书目信息 |
| 题名: |
电视批评论
|
|
| 作者: | 欧阳宏生 著 | |
| 分册: | ||
| 出版信息: | 北京 中国广播电视出版社 2000.06 |
|
| 页数: | 452页 | |
| 开本: | 21cm | |
| 丛书名: | 新世纪电视理论文库 | |
| 单 册: | ||
| 中图分类: | J905.2 | |
| 科图分类: | ||
| 主题词: | 电视节目--dian shi jie mu--艺术评论--研究--中国 | |
| 电子资源: | ||
| ISBN: | 7-5043-3511-8 | |
| 000 | 00923nam 2200265 450 | |
| 001 | 012008017922 | |
| 005 | 20080315103426.29 | |
| 010 | @a7-5043-3511-8@dCNY28.00 | |
| 100 | @a20080315d2000 km y0chiy0120 ea | |
| 101 | 0 | @achi |
| 102 | @aCN@b110000 | |
| 105 | @ay a 000z | |
| 106 | @ar | |
| 200 | 1 | @a电视批评论@Adian shi pi ping lun@f欧阳宏生著@Fou yang hong sheng zhu |
| 210 | @a北京@c中国广播电视出版社@d2000.06 | |
| 215 | @a452页@d21cm | |
| 225 | 2 | @a新世纪电视理论文库@Axin shi ji dian shi li lun wen ku |
| 320 | @a有书目 (第446-449页)。 | |
| 330 | @a《电视批评论》是一部以中国电视批评实践为依据,论述电视批评性质、作用、方法及电视批评基本规律的学术专著。 | |
| 410 | 0 | @12001 @a新世纪电视理论文库 |
| 606 | 0 | @a电视节目@Adian shi jie mu@x艺术评论@x研究@y中国 |
| 690 | @aJ905.2@v4 | |
| 701 | 0 | @a欧阳宏生@Aou yang hong sheng@4著 |
| 801 | 0 | @aCN@bQSSK@c20080315 |
| 905 | @b20283336-38@dJ905.2@eQ372@f3 | |
| 电视批评论/欧阳宏生著.-北京:中国广播电视出版社,2000.06 |
| 452页;21cm.-(新世纪电视理论文库) |
| ISBN 7-5043-3511-8:CNY28.00 |
| 《电视批评论》是一部以中国电视批评实践为依据,论述电视批评性质、作用、方法及电视批评基本规律的学术专著。 |
| ● |
| 相关链接 |
|
|
|
正题名:电视批评论
索取号:J905.2/Q372
 
预约/预借
| 序号 | 登录号 | 条形码 | 馆藏地/架位号 | 状态 | 备注 |
| 1 | 283336 | 202833363 | 社科库309/309社科库 97排3列6层/ [索取号:J905.2/Q372] | 在馆 | |
| 2 | 283337 | 202833372 | 社科库309/309社科库 97排3列6层/ [索取号:J905.2/Q372] | 在馆 | |
| 3 | 283338 | 202833381 | 社科库309/309社科库 97排3列6层/ [索取号:J905.2/Q372] | 在馆 |